Características de la comunidad y anticoncepción en el área rural de Costa Rica, 1982 /
সংরক্ষণ করুন:
| প্রধান লেখক: | |
|---|---|
| অন্যান্য লেখক: | , , |
| বিন্যাস: | পাঠ্য |
| প্রকাশিত: |
San José:
Asociación Demográfica Costarricense. Westinghouse Health Systems
|
| ট্যাগগুলো: |
ট্যাগ যুক্ত করুন
কোনো ট্যাগ নেই, প্রথমজন হিসাবে ট্যাগ করুন!
|
MARC
| LEADER | 00000 a a2200000 04500 | ||
|---|---|---|---|
| 001 | 14664 | ||
| 003 | |||
| 040 | |||
| 090 | |a 022000 | ||
| 100 | |a Grimaldo Vásquez, Carmen | ||
| 245 | |a Características de la comunidad y anticoncepción en el área rural de Costa Rica, 1982 / |c Carmen Grimaldo Vásquez | ||
| 260 | |a San José: |b Asociación Demográfica Costarricense. Westinghouse Health Systems | ||
| 300 | |a 58 p. | ||
| 700 | |a Ortiz M, Laura | ||
| 700 | |a Carvajal A, José | ||
| 700 | |a Sosa Jara, Doris | ||
| 999 | |c 14590 |d 14590 | ||
